Testovanie odolnosti kaučukových zmesí s obsahom škrobu voči kvapalinám diplomová práca
Uložené v:
| Hlavný autor: | |
|---|---|
| Médium: | Kniha |
| Jazyk: | Slovak |
| Vydavateľské údaje: |
Bratislava
STU FCHPT
2017
|
| On-line prístup: | View in OPAC |
| Tagy: |
Žiadne tagy, Buďte prvý, kto otaguje tento záznam!
|
MARC
| LEADER | 00000nam a2200000 a 4500 | ||
|---|---|---|---|
| 005 | 20260127134358.0 | ||
| 008 | 170911 2017 001 0 slo d | ||
| 035 | |a vtls011710317 | ||
| 039 | 9 | |y 201709110915 |z mschk03 | |
| 040 | |a STUSCHK1 |b slo |c STUSCHK1 |e AACR2 | ||
| 100 | 1 | |a Domitrek, Juraj | |
| 245 | 1 | |a Testovanie odolnosti kaučukových zmesí s obsahom škrobu voči kvapalinám |b diplomová práca |c Juraj Domitrek | |
| 260 | |a Bratislava |b STU FCHPT |c 2017 | ||
| 300 | |a 88 s. |b il. |c 25 cm | ||
| 500 | |a Študijný program: Prírodné a syntetické polyméry | ||
| 500 | |a Študijný odbor: chemické technológie | ||
| 500 | |a Školiace pracovisko: Oddelenie plastov, kaučuku a vlákien | ||
| 500 | |a Evid. číslo: FCHPT-13576-60959 | ||
| 910 | |a SCHK95 | ||
| 999 | |c 11307 |d 11307 | ||